00976 a2200193 4500020001500000020001500015040001300030082000800043100002100051245008700072260004800159300003500207500002000242505036200262650002600624650002500650700002000675856008700695 a0470022299 a0470022280 aDLCbDLC00a5101 aCurrell, Graham.10aEssential mathematics and statistics for science cGraham Currell, Anthony Dowman. aChichester ;aHoboken, NJ :bWiley,cc2005. axiii, 346 p. :bill. ;c25 cm. aIncludes index.0 aMathematics and statistics in science -- Scientific data -- Equations in science -- Linear relationships -- Logarithmic and exponential functions -- Rates of change -- Statistics and information -- Distributions and uncertainty -- Scientific investigation -- Parametric tests -- Chi-squared tests -- Non-parametric tests -- Experimental design and analysis. 0aSciencexMathematics. 0xStatistical methods.1 aDowman, Antony.413Table of contentsuhttp://www.loc.gov/catdir/enhancements/fy0629/2006295287-t.html